Normal view
MARC view
- تأليف: بوبليويل، كيث ؛ الترجمة باعتماد: خالد العامري
Entry Personal Name
001 - CONTROL NUMBER
- control field: 33974
003 - CONTROL NUMBER IDENTIFIER
- control field: JO-AjAnu
005 - DATE AND TIME OF LATEST TRANSACTION
- control field: 20230606075708.0
008 - FIXED-LENGTH DATA ELEMENTS
- fixed length control field: 230606|| aca||aabn | a|a d
040 ## - CATALOGING SOURCE
- Original cataloging agency: JO-AjAnu
- Transcribing agency: JO-AjAnu
100 ## - HEADING--PERSONAL NAME
- Personal name: تأليف: بوبليويل، كيث ؛ الترجمة باعتماد: خالد العامري
670 ## - SOURCE DATA FOUND
- Source citation: Work cat.: (JO-AjAnu)17450: تأليف: بوبليويل، كيث ؛ الترجمة باعتماد: خالد العامري, author, فن التخطيط لحافظة الاستثمار = Investment Portfolio Planning